The Trajectory of Excellence in Legal Practice:insignts from legal experts. (Record no. 36399)

MARC details
000 -LEADER
fixed length control field 00472nam a2200181Ia 4500
020 ## - INTERNATIONAL STANDARD BOOK NUMBER
ISBN 9789789766024
050 ## - CALL MARK
Classification number KP 64 .M5/
100 ## - STATEMENT OF RESPONSIBILITY--MAIN AUTHOR NAME
Personal name Mike Igbokwe,San
245 #4 - TITLE STATEMENT
Title The Trajectory of Excellence in Legal Practice:insignts from legal experts.
260 ## - PUBLICATION, DISTRIBUTION, ETC. (IMPRINT)
Place of publication Lagos state
260 ## - PUBLICATION, DISTRIBUTION, ETC. (IMPRINT)
Name of publisher Clds publisher.
260 ## - PUBLICATION, DISTRIBUTION, ETC. (IMPRINT)
Year of publication 2019
300 ## - PHYSICAL DESCRIPTION
Number of Pages 386 p
650 ## - SUBJECT ADDED ENTRY--TOPICAL TERM
Topical Term Legal Practise
942 ## - ADDED ENTRY ELEMENTS (KOHA)
Koha item type Books
Holdings
Withdrawn status Lost status Source of classification or shelving scheme Damaged status Not for loan Permanent Location Current Location Date acquired Accession Number Price effective from Koha item type
    Library of Congress Classification     Law Library Law Library 04/23/2025 0193379 04/23/2025 Books